Catalog

Record Details

Catalog Search



A sunless sea : a William Monk novel  Cover Image Book Book

A sunless sea : a William Monk novel / Anne Perry.

Perry, Anne. (Author).

Summary:

As commander of the River Police, Monk is accustomed to violent death, but the mutilated female body found on Limehouse Pier one chilly December morning moves him with horror and pity. The victim's name is Zenia Gadney. Her waterfront neighbors can tell him little, only that the same unknown gentleman had visited her once a month for many years. She must be a prostitute, but, described as quiet and kempt, she doesn't appear to be a fallen woman. What sinister secrets could have made poor Zenia worth killing? And why does the government keep interfering in Monk's investigation? Monk, his spirited wife, Hester, and their brilliant barrister friend, Oliver Rathbone, search for answers. Monk's quest to discover the truth behind her death leads him down a shocking path, littered with secrets that have been buried since the infamous Opium Wars. Monk must unravel the victim's link to the widow of a dead doctor, and the doctor's vanished report on the misuse of opium, before the killer strikes again. While the public cries out for blood, From dank waterfront alleys to London's fabulously wealthy West End, the three trail an ice-blooded murderer toward the unbelievable, possibly unprovable truth, and ultimately engage their adversaries in an electric courtroom duel. But unless they can work a miracle, a monumental evil will go unpunished and an innocent person will hang. This is a novel of intrigue and suspense in which Monk is driven to make the hardest decision of his life.

Record details

  • ISBN: 9780345510648 (hardcover alk. paper)
  • ISBN: 034551064X (hardcover alk. paper)
  • Physical Description: 372 p. ; 25 cm.
  • Edition: 1st ed.
  • Publisher: New York : Ballantine Books, c2012.
Subject: Monk, William (Fictitious character) > Fiction.
Private investigators > England > London > Fiction.
Murder > Investigation > Fiction.
London (England) > History > 1800-1950 > Fiction.
Genre: Mystery fiction.
Historical fiction.

LDR 02760cam a2200373 a 4500
001118299
003CONS
00520140703073256.0
008120607s2012 nyu 000 1 eng
010 . ‡a 2012022484
020 . ‡a9780345510648 (hardcover alk. paper)
020 . ‡a034551064X (hardcover alk. paper)
020 . ‡z9780345535931 (ebook)
020 . ‡z0345535936 (ebook)
035 . ‡a(CPomAG)LMN318438
043 . ‡ae-uk-en
05000. ‡aPR6066.E693 ‡bS87 2012
08200. ‡a823/.914 ‡223
1001 . ‡aPerry, Anne.
24512. ‡aA sunless sea : ‡ba William Monk novel / ‡cAnne Perry.
250 . ‡a1st ed.
260 . ‡aNew York : ‡bBallantine Books, ‡cc2012.
300 . ‡a372 p. ; ‡c25 cm.
4901 . ‡aWilliam Monk novel
520 . ‡aAs commander of the River Police, Monk is accustomed to violent death, but the mutilated female body found on Limehouse Pier one chilly December morning moves him with horror and pity. The victim's name is Zenia Gadney. Her waterfront neighbors can tell him little, only that the same unknown gentleman had visited her once a month for many years. She must be a prostitute, but, described as quiet and kempt, she doesn't appear to be a fallen woman. What sinister secrets could have made poor Zenia worth killing? And why does the government keep interfering in Monk's investigation? Monk, his spirited wife, Hester, and their brilliant barrister friend, Oliver Rathbone, search for answers. Monk's quest to discover the truth behind her death leads him down a shocking path, littered with secrets that have been buried since the infamous Opium Wars. Monk must unravel the victim's link to the widow of a dead doctor, and the doctor's vanished report on the misuse of opium, before the killer strikes again. While the public cries out for blood, From dank waterfront alleys to London's fabulously wealthy West End, the three trail an ice-blooded murderer toward the unbelievable, possibly unprovable truth, and ultimately engage their adversaries in an electric courtroom duel. But unless they can work a miracle, a monumental evil will go unpunished and an innocent person will hang. This is a novel of intrigue and suspense in which Monk is driven to make the hardest decision of his life.
650 0. ‡aMonk, William (Fictitious character) ‡vFiction.
650 0. ‡aPrivate investigators ‡zEngland ‡zLondon ‡vFiction.
650 0. ‡aMurder ‡xInvestigation ‡vFiction.
651 0. ‡aLondon (England) ‡xHistory ‡y1800-1950 ‡vFiction.
655 7. ‡aMystery fiction. ‡2gsafd
655 7. ‡aHistorical fiction. ‡2gsafd
8001 . ‡aPerry, Anne. ‡tWilliam Monk novel.
959 . ‡i32269000900269 ‡lF Per ‡aAdult - Fiction ‡tFiction ‡g26.00
852 . ‡p32269000900269 ‡jF Per ‡gAdult - Fiction ‡cFiction ‡y26.00 ‡bSBPL
901 . ‡a118299 ‡bUnknown ‡c118299 ‡tbiblio

Additional Resources